[Event "Wch U14 Girls"]
[Site "Caldas Novas"]
[Date "2011.11.22"]
[Round "5"]
[White "Fediuk, Iryna"]
[Black "Virkud, Apurva"]
[Result "0-1"]
[WhiteElo "1905"]
[BlackElo "1804"]
[PlyCount "76"]
[EventDate "2011.11.18"]
[EventType "swiss"]
[EventRounds "9"]
[EventCountry "BRA"]
[SourceTitle "EXT 2013"]
[Source "ChessBase"]
[SourceDate "2012.11.22"]
[SourceVersion "1"]
[SourceVersionDate "2012.11.22"]
[SourceQuality "1"]

1. e4 c5 2. Nf3 d6 3. d4 cxd4 4. Nxd4 Nf6 5. Nc3 e6 6. g3 Nc6 7. Nde2 Be7 8. Bg2 0-0 9. 0-0 a6 10. a4 Qc7 11. h3 Rd8 12. g4 Rb8 13. Ng3 b5 14. axb5 axb5 15. Be3 b4 16. Nce2 d5 17. Qc1 dxe4 18. Nxe4 Nd5 19. Bd2 Ne5 20. b3 Bb7 21. N2g3 Rdc8 22. Ra2 Ra8 23. Rb2 Nf6 24. f4 Ng6 25. Qe1 Qd7 26. Qf2 Nxe4 27. Nxe4 f5 28. gxf5 exf5 29. Ng5 Bf6 30. Rbb1 Rxc2 31. Bxb7 Bd4 32. Bxa8 Bxf2+ 33. Rxf2 Rxd2 34. Rbf1 Rxf2 35. Rxf2 Qd4 36. Kg2 h6 37. Ne6 Nh4+ 38. Kg1 Qa1+ 0-1

[Event "EU-ch U14 Girls"]
[Site "Albena"]
[Date "2011.09.18"]
[Round "7"]
[White "Fediuk, Iryna"]
[Black "Beinenson, Katsiaryna"]
[Result "0-1"]
[WhiteElo "1909"]
[BlackElo "1888"]
[PlyCount "84"]
[EventDate "2011.09.11"]
[EventType "swiss"]
[EventRounds "9"]
[EventCountry "BUL"]
[SourceTitle "CBM 144 Extra"]
[Source "ChessBase"]
[SourceDate "2011.10.28"]
[SourceVersion "1"]
[SourceVersionDate "2011.10.28"]
[SourceQuality "1"]

1. e4 c5 2. Nf3 Nc6 3. d4 cxd4 4. Nxd4 Qb6 5. Nb3 Nf6 6. Nc3 e6 7. Qe2 d6 8. Be3 Qc7 9. 0-0-0 a6 10. f4 Be7 11. Kb1 b5 12. g4 Nd7 13. Qf2 Na5 14. Nxa5 Qxa5 15. Bg2 Bb7 16. h3 Rc8 17. Rhf1 0-0 18. f5 Ne5 19. Bb6 Qb4 20. a3 Qc4 21. g5 Bxg5 22. Qg3 Bf6 23. Rxd6 b4 24. Rd4 Qc6 25. Rxb4 Nc4 26. Rf2 Be5 27. Qg4 f6 28. Na4 a5 29. Rxc4 Qxc4 30. b3 Qc6 31. Bxa5 Qd6 32. c3 Qxa3 33. Rb2 Qd6 34. Bb4 Qd3+ 35. Kc1 Rfd8 36. Rc2 Qe3+ 37. Kb2 Rd2 38. fxe6 Rxc2+ 39. Kxc2 Rd8 40. Kb2 Qd2+ 41. Ka3 Qc1+ 42. Ka2 Rd2+ 0-1

[Event "EU-ch U14 Girls"]
[Site "Albena"]
[Date "2011.09.17"]
[Round "6"]
[White "Menzi, Nezihe Ezgi"]
[Black "Fediuk, Iryna"]
[Result "1-0"]
[WhiteElo "1887"]
[BlackElo "1909"]
[PlyCount "73"]
[EventDate "2011.09.11"]
[EventType "swiss"]
[EventRounds "9"]
[EventCountry "BUL"]
[SourceTitle "CBM 144 Extra"]
[Source "ChessBase"]
[SourceDate "2011.10.28"]
[SourceVersion "1"]
[SourceVersionDate "2011.10.28"]
[SourceQuality "1"]

1. e4 g6 2. d4 Bg7 3. Nc3 d5 4. exd5 Nf6 5. Nf3 Nxd5 6. Nxd5 Qxd5 7. Be2 0-0 8. 0-0 Nc6 9. c3 Bf5 10. Bf4 Qd8 11. Re1 h6 12. d5 Nb8 13. Qb3 Qc8 14. Nh4 Bd7 15. Bg3 g5 16. Nf3 e6 17. Bc4 exd5 18. Bxd5 Bc6 19. Re7 Bxd5 20. Qxd5 Na6 21. Ne5 Qd8 22. Rd7 Qf6 23. Ng4 Qb6 24. Be5 Bxe5 25. Qxe5 Qg6 26. Nf6+ Kh8 27. Re1 Qg7 28. Qf5 Rac8 29. Ree7 Rcd8 30. Rxf7 Rxd7 31. Rxd7 Qxd7 32. Qxd7 Rxf6 33. h3 Rb6 34. b4 Kg8 35. b5 Nc5 36. Qe8+ Kg7 37. Qe7+ 1-0

[Event "Geller Memorial op-A 7th"]
[Site "Odessa"]
[Date "2011.08.28"]
[Round "9"]
[White "Stepanenko, Dmitrij"]
[Black "Fediuk, Iryna"]
[Result "0-1"]
[WhiteElo "1767"]
[BlackElo "1917"]
[PlyCount "88"]
[EventDate "2011.08.20"]
[EventType "swiss"]
[EventRounds "9"]
[EventCountry "UKR"]
[SourceTitle "EXT 2014"]
[Source "ChessBase"]
[SourceDate "2013.11.20"]
[SourceVersion "1"]
[SourceVersionDate "2013.11.20"]
[SourceQuality "1"]

1. d4 f5 2. c4 Nf6 3. Nc3 d6 4. Nf3 g6 5. Bg5 Bg7 6. Qd2 h6 7. Bxf6 Bxf6 8. Nd5 Bg7 9. Nh4 Kf7 10. g3 Nc6 11. e3 e5 12. dxe5 Nxe5 13. Be2 Re8 14. 0-0-0 Bd7 15. f4 Nc6 16. Ng2 a6 17. h3 Qb8 18. g4 b5 19. gxf5 Bxf5 20. Nh4 Be4 21. Bd3 bxc4 22. Bxe4 Rxe4 23. Nc3 Nb4 24. Nxe4 Nd3+ 25. Kb1 Bxb2 26. Kc2 Qb5 27. Nc3 Qa5 28. Rb1 Rb8 29. Rhc1 Bxc3 30. Qxc3 Qxa2+ 31. Kd1 Rxb1 32. Rxb1 Qxb1+ 33. Ke2 Qb2+ 34. Qxb2 Nxb2 35. Kd2 Nd3 36. Kc3 d5 37. Nf3 Kf6 38. Nd4 g5 39. fxg5+ hxg5 40. Nc6 Nf2 41. Nb4 Ke5 42. Nxa6 c5 43. Nxc5 Ne4+ 44. Kc2 Nxc5 0-1

[Event "Geller Memorial op-A 7th"]
[Site "Odessa"]
[Date "2011.08.23"]
[Round "4"]
[White "Fediuk, Iryna"]
[Black "Savchenko, Kirill"]
[Result "1/2-1/2"]
[WhiteElo "1917"]
[BlackElo "1867"]
[PlyCount "65"]
[EventDate "2011.08.20"]
[EventType "swiss"]
[EventRounds "9"]
[EventCountry "UKR"]
[SourceTitle "EXT 2014"]
[Source "ChessBase"]
[SourceDate "2013.11.20"]
[SourceVersion "1"]
[SourceVersionDate "2013.11.20"]
[SourceQuality "1"]

1. e4 e5 2. Nf3 Nc6 3. Bb5 Bc5 4. c3 Qf6 5. 0-0 Nge7 6. d3 a6 7. Ba4 h6 8. Be3 Ba7 9. Bxa7 Rxa7 10. d4 0-0 11. Qd3 d6 12. Nbd2 Qg6 13. Kh1 f5 14. dxe5 dxe5 15. exf5 Bxf5 16. Qe3 Nd5 17. Bb3 Be6 18. Bxd5 Bxd5 19. c4 Bxf3 20. Nxf3 Qe6 21. b3 Raa8 22. Rae1 Rad8 23. Kg1 Rf7 24. Re2 Re7 25. Rfe1 Kf8 26. h3 Rdd7 27. Qc5 Qd6 28. Qxd6 cxd6 29. Rd2 Kf7 30. a3 Rd8 31. b4 Red7 32. Red1 Ke6 33. Kf1 1/2-1/2

[Event "Paleochora op 4th"]
[Site "Paleochora"]
[Date "2011.07.20"]
[Round "1"]
[White "David, Alberto"]
[Black "Fediuk, Iryna"]
[Result "1-0"]
[WhiteElo "2609"]
[BlackElo "1917"]
[PlyCount "33"]
[EventDate "2011.07.20"]
[EventType "swiss"]
[EventRounds "9"]
[EventCountry "GRE"]
[SourceTitle "CBM 143 Extra"]
[Source "ChessBase"]
[SourceDate "2011.08.29"]
[SourceVersion "1"]
[SourceVersionDate "2011.08.29"]
[SourceQuality "1"]

1. d4 f5 2. Nc3 Nf6 3. Bg5 e6 4. e4 fxe4 5. Nxe4 Be7 6. Bxf6 Bxf6 7. Nf3 0-0 8. Bd3 d6 9. c3 Nc6 10. Qc2 h6 11. 0-0-0 Bd7 12. Rhe1 a6 13. Qe2 b5 14. Ng3 b4 15. Qe4 bxc3 16. Qh7+ Kf7 17. Bg6+ 1-0

[Event "UKR-ch U20 Girls"]
[Site "Ukraine"]
[Date "2010.??.??"]
[Round "11"]
[White "Andrenko, Irina"]
[Black "Fediuk, Iryna"]
[Result "1-0"]
[WhiteElo "2175"]
[BlackElo "1815"]
[PlyCount "63"]
[EventDate "2010.??.??"]
[EventType "swiss"]
[EventRounds "11"]
[EventCountry "UKR"]
[SourceTitle "EXT 2012"]
[Source "ChessBase"]
[SourceDate "2011.11.24"]
[SourceVersion "1"]
[SourceVersionDate "2011.11.24"]
[SourceQuality "1"]

1. d4 d5 2. c4 Bf5 3. cxd5 Bxb1 4. Qa4+ c6 5. Rxb1 Qxd5 6. Nf3 Nd7 7. a3 Ngf6 8. e3 Nb6 9. Qc2 g6 10. Bd3 Bg7 11. 0-0 0-0 12. e4 Qd7 13. h3 Rac8 14. b4 Rfd8 15. Be3 Qc7 16. Qb3 Nh5 17. Rfd1 Nf4 18. Bf1 Rd7 19. a4 Rcd8 20. a5 Nc8 21. Rdc1 Qb8 22. b5 c5 23. dxc5 Nd3 24. Bxd3 Rxd3 25. Rd1 Rxb3 26. Rxd8+ Bf8 27. Rxb3 Kg7 28. Rbd3 b6 29. axb6 axb6 30. cxb6 Qb7 31. R3d7 Qa8 32. b7 1-0

[Event "UKR-ch U20 Girls"]
[Site "Ukraine"]
[Date "2010.??.??"]
[Round "10"]
[White "Fediuk, Iryna"]
[Black "Bortnyk, Mariia"]
[Result "0-1"]
[WhiteElo "1815"]
[BlackElo "1875"]
[PlyCount "90"]
[EventDate "2010.??.??"]
[EventType "swiss"]
[EventRounds "11"]
[EventCountry "UKR"]
[SourceTitle "EXT 2012"]
[Source "ChessBase"]
[SourceDate "2011.11.24"]
[SourceVersion "1"]
[SourceVersionDate "2011.11.24"]
[SourceQuality "1"]

1. e4 c5 2. Nf3 e6 3. d4 cxd4 4. Nxd4 a6 5. Nc3 b5 6. Bd3 Qb6 7. Nb3 Qc7 8. 0-0 Bb7 9. Be3 d6 10. f4 Nf6 11. Nd2 Nbd7 12. Qe2 b4 13. Nd1 Nc5 14. Bf2 d5 15. e5 Nfe4 16. Bd4 Nxd3 17. cxd3 Nxd2 18. Qxd2 Bc5 19. Bxc5 Qxc5+ 20. d4 Qe7 21. Ne3 0-0 22. f5 Qg5 23. f6 g6 24. Rf3 a5 25. Rg3 Qh6 26. Rf1 Kh8 27. Rh3 Qg5 28. Rff3 h5 29. Rfg3 Qh6 30. Rg4 Rfc8 31. Rgh4 Rc7 32. Qe2 Ba6 33. Qf3 Kg8 34. Qf4 Rc1+ 35. Kf2 Qxf4+ 36. Rxf4 Rb1 37. a4 Rxb2+ 38. Kg3 g5 39. Rf2 h4+ 40. Kf3 Rxf2+ 41. Kxf2 Rc8 42. Rf3 Rc3 43. Kg1 Be2 44. Rh3 Bc4 45. Nxc4 Rxh3 0-1

[Event "UKR-ch U20 Girls"]
[Site "Ukraine"]
[Date "2010.??.??"]
[Round "2"]
[White "Fediuk, Iryna"]
[Black "Petrova, Irina"]
[Result "0-1"]
[WhiteElo "1815"]
[BlackElo "1985"]
[PlyCount "120"]
[EventDate "2010.??.??"]
[EventType "swiss"]
[EventRounds "11"]
[EventCountry "UKR"]
[SourceTitle "EXT 2012"]
[Source "ChessBase"]
[SourceDate "2011.11.24"]
[SourceVersion "1"]
[SourceVersionDate "2011.11.24"]
[SourceQuality "1"]

1. e4 d6 2. d4 g6 3. Bc4 Bg7 4. f4 c6 5. Nf3 d5 6. exd5 cxd5 7. Bb5+ Bd7 8. Bxd7+ Nxd7 9. 0-0 e6 10. Bd2 Qb6 11. Bc3 Ne7 12. Kh1 0-0 13. Ne5 Nf6 14. Qd3 Nc6 15. a3 Rad8 16. Nd2 a6 17. Rac1 Ne8 18. Nb3 Nd6 19. Be1 Nc4 20. Nxc4 dxc4 21. Qxc4 Bxd4 22. Nxd4 Qxd4 23. Qb3 Rd7 24. Bc3 Qd5 25. Qb6 f6 26. Qf2 e5 27. fxe5 Nxe5 28. Rce1 Rdf7 29. Qh4 Qc4 30. Qg3 Nc6 31. Rf4 Qd5 32. Rfe4 Qf5 33. h3 Qd5 34. Qe3 Qd7 35. a4 Qd5 36. b3 Qd7 37. Bb2 Rd8 38. Qh6 Rdf8 39. b4 Ne7 40. Qf4 Nf5 41. c4 Qxa4 42. c5 Qb3 43. Bc1 Ng3+ 44. Kh2 Nxe4 45. Qxe4 Qa4 46. Bh6 Rd8 47. Qc4 Qb5 48. Qb3 Re8 49. Rd1 a5 50. Rd6 a4 51. Qd5 Qe2 52. Rd8 Qe7 53. Rd6 Qe5+ 54. Qxe5 fxe5 55. b5 Rc7 56. b6 Rxc5 57. Rd7 Rb8 58. Bg7 a3 59. Bf6 a2 60. Rd1 Ra5 0-1

[Event "UKR-ch U20 Girls"]
[Site "Ukraine"]
[Date "2010.??.??"]
[Round "5"]
[White "Fediuk, Iryna"]
[Black "Sharovskaya, Olga"]
[Result "1-0"]
[WhiteElo "1815"]
[BlackElo "1950"]
[PlyCount "79"]
[EventDate "2010.??.??"]
[EventType "swiss"]
[EventRounds "11"]
[EventCountry "UKR"]
[SourceTitle "EXT 2012"]
[Source "ChessBase"]
[SourceDate "2011.11.24"]
[SourceVersion "1"]
[SourceVersionDate "2011.11.24"]
[SourceQuality "1"]

1. e4 g6 2. d4 Bg7 3. Nc3 d6 4. Bc4 c6 5. Bb3 e6 6. f4 Ne7 7. Nf3 Nd7 8. 0-0 d5 9. e5 c5 10. dxc5 Nxc5 11. Nb5 Ne4 12. c3 a6 13. Nbd4 0-0 14. Bc2 Nc5 15. Qe1 b5 16. g4 Rb8 17. Qh4 f6 18. b3 a5 19. Kh1 Ne4 20. Ba3 b4 21. cxb4 axb4 22. Bb2 Rb6 23. Ne2 Nc6 24. Rad1 Qe7 25. Bxe4 dxe4 26. exf6 Bxf6 27. Bxf6 Qxf6 28. Ng5 Qe7 29. Qf2 Qb7 30. Kg1 Ra6 31. Ng3 e5 32. f5 gxf5 33. gxf5 Qg7 34. N5xe4 Bxf5 35. Qg2 Bg6 36. Nc5 Rxf1+ 37. Rxf1 Rb6 38. Ne6 Qe7 39. Rf8+ Qxf8 40. Nxf8 1-0

[Event "UKR-ch U20 Girls"]
[Site "Ukraine"]
[Date "2010.??.??"]
[Round "9"]
[White "Rakhmangulova, Anastasiya"]
[Black "Fediuk, Iryna"]
[Result "0-1"]
[WhiteElo "2095"]
[BlackElo "1815"]
[PlyCount "60"]
[EventDate "2010.??.??"]
[EventType "swiss"]
[EventRounds "11"]
[EventCountry "UKR"]
[SourceTitle "EXT 2012"]
[Source "ChessBase"]
[SourceDate "2011.11.24"]
[SourceVersion "1"]
[SourceVersionDate "2011.11.24"]
[SourceQuality "1"]

1. e4 e5 2. Nf3 Nc6 3. Bc4 d6 4. c3 Bg4 5. Qb3 Qd7 6. Bxf7+ Qxf7 7. Qxb7 Kd7 8. Qxa8 Bxf3 9. d3 Bxg2 10. Rg1 Bh3 11. Na3 Nf6 12. Rg3 Be6 13. Nb5 Rg8 14. Qb7 Ne8 15. d4 exd4 16. cxd4 d5 17. Rc3 Nd8 18. Qb8 Bb4 19. Nxa7 Bxc3+ 20. bxc3 Nd6 21. Nb5 Nxb5 22. Qxb5+ c6 23. Qb8 Qf3 24. Qa7+ Ke8 25. Bg5 Qxc3+ 26. Ke2 Bg4+ 27. f3 Bxf3+ 28. Kf2 Qb2+ 29. Kxf3 Rf8+ 30. Kg4 Qg2+ 0-1

[Event "UKR-ch sf U16 Girls"]
[Site "Nikolaev"]
[Date "2009.12.11"]
[Round "8"]
[White "Fediuk, Iryna"]
[Black "Bortnyk, Mariia"]
[Result "0-1"]
[WhiteElo "1807"]
[BlackElo "1843"]
[PlyCount "94"]
[EventDate "2009.12.04"]
[EventType "swiss"]
[EventRounds "9"]
[EventCountry "UKR"]
[SourceTitle "EXT 2011"]
[Source "ChessBase"]
[SourceDate "2010.11.26"]
[SourceVersion "1"]
[SourceVersionDate "2010.11.26"]
[SourceQuality "1"]

1. e4 c5 2. b4 cxb4 3. a3 bxa3 4. d4 d6 5. Nxa3 Nf6 6. Bd3 Nc6 7. c3 e6 8. Ne2 Be7 9. 0-0 0-0 10. f4 b6 11. Ng3 e5 12. fxe5 dxe5 13. d5 Bc5+ 14. Kh1 Ng4 15. Nf5 Bxf5 16. Rxf5 Qh4 17. h3 Nf2+ 18. Rxf2 Qxf2 19. dxc6 Rad8 20. Bg5 f6 21. c7 Rc8 22. Ba6 Rxc7 23. Qb3+ Kh8 24. Rf1 Qg3 25. Bc1 Qg6 26. Nb5 Rd7 27. Qc2 Rfd8 28. c4 Rd3 29. Nc3 h6 30. Bb5 R8d4 31. Bc6 Bb4 32. Nb5 Rd2 33. Bxd2 Rxd2 34. Qxd2 Bxd2 35. Rd1 Qg3 36. Nd6 Qd3 37. Nf5 Qe2 38. Ra1 Be1 39. Kh2 Bd2 40. Kh1 Be1 41. Kh2 g6 42. Ne7 a5 43. Nxg6+ Kh7 44. Ne7 Qf1 45. Ra3 Qf4+ 46. Kh1 Qc1 47. Rf3 Bg3+ 0-1

[Event "UKR-ch sf U16 Girls"]
[Site "Nikolaev"]
[Date "2009.12.09"]
[Round "6"]
[White "Fediuk, Iryna"]
[Black "Yashchenko, Olena"]
[Result "1-0"]
[WhiteElo "1807"]
[BlackElo "1718"]
[PlyCount "91"]
[EventDate "2009.12.04"]
[EventType "swiss"]
[EventRounds "9"]
[EventCountry "UKR"]
[SourceTitle "EXT 2011"]
[Source "ChessBase"]
[SourceDate "2010.11.26"]
[SourceVersion "1"]
[SourceVersionDate "2010.11.26"]
[SourceQuality "1"]

1. e4 c6 2. d4 d5 3. e5 Bf5 4. c4 e6 5. Nc3 Nd7 6. Nf3 Bg6 7. Be2 Nh6 8. 0-0 Nf5 9. Be3 Bb4 10. a3 Be7 11. Qd2 0-0 12. c5 f6 13. Bf4 fxe5 14. Nxe5 Nxe5 15. Bxe5 Bf6 16. Bxf6 Qxf6 17. Rad1 b6 18. b4 Rab8 19. Na4 Be8 20. Bg4 Nh4 21. Qe3 Bd7 22. Rde1 b5 23. Nb2 Rbe8 24. Nd3 Nf5 25. Bxf5 exf5 26. Ne5 Bc8 27. f4 Re6 28. Qf3 Qd8 29. Re2 a5 30. bxa5 Qxa5 31. Nxc6 Qa6 32. Nb4 Qa8 33. Rfe1 Re4 34. Rxe4 fxe4 35. Qh5 Be6 36. g3 Qxa3 37. Nxd5 Rf7 38. Qe5 Bxd5 39. Qxd5 b4 40. Rxe4 Qa1+ 41. Kf2 Qa4 42. c6 Qa8 43. Re7 Qf8 44. Rxf7 Qxf7 45. Qxf7+ Kxf7 46. c7 1-0

[Event "UKR-ch sf U16 Girls"]
[Site "Nikolaev"]
[Date "2009.12.07"]
[Round "4"]
[White "Fediuk, Iryna"]
[Black "Borisenko, Svetlana"]
[Result "1-0"]
[WhiteElo "1807"]
[BlackElo "1674"]
[PlyCount "93"]
[EventDate "2009.12.04"]
[EventType "swiss"]
[EventRounds "9"]
[EventCountry "UKR"]
[SourceTitle "EXT 2011"]
[Source "ChessBase"]
[SourceDate "2010.11.26"]
[SourceVersion "1"]
[SourceVersionDate "2010.11.26"]
[SourceQuality "1"]

1. e4 e6 2. d4 d5 3. exd5 exd5 4. Bd3 Nf6 5. Nf3 Be7 6. 0-0 Bg4 7. Bf4 Nh5 8. Be3 Nf6 9. c3 Ne4 10. Qa4+ Qd7 11. Qd1 0-0 12. Nbd2 Nxd2 13. Bxd2 Bf6 14. Bf4 c6 15. Bc2 Bf5 16. Re1 Bxc2 17. Qxc2 Na6 18. Re3 Rfe8 19. Be5 Bxe5 20. Nxe5 Qc8 21. Rh3 g6 22. Qd2 Re7 23. Qh6 f6 24. Nxg6 Rg7 25. Ne7+ Rxe7 26. Rg3+ Kf7 27. Rg7+ Ke8 28. Rg8+ Kd7 29. Rxc8 Rxc8 30. Qxf6 Rce8 31. h3 Nc7 32. Rd1 Nb5 33. c4 Nc7 34. b3 Re1+ 35. Rxe1 Rxe1+ 36. Kh2 Re7 37. Qf5+ Kd8 38. Qf8+ Re8 39. Qg7 dxc4 40. bxc4 Re7 41. Qg8+ Ne8 42. Qg5 a6 43. f4 Kd7 44. Qf5+ Kc7 45. Qf8 Kd7 46. f5 Nd6 47. c5 1-0

[Event "Wch U12 Girls"]
[Site "Kemer"]
[Date "2009.11.18"]
[Round "7"]
[White "Fediuk, Iryna"]
[Black "Serefidou, Despina"]
[Result "0-1"]
[WhiteElo "1807"]
[BlackElo "1663"]
[PlyCount "50"]
[EventDate "2009.11.12"]
[EventType "swiss"]
[EventRounds "11"]
[EventCountry "TUR"]
[SourceTitle "EXT 2010"]
[Source "ChessBase"]
[SourceDate "2010.11.25"]
[SourceVersion "1"]
[SourceVersionDate "2010.11.25"]
[SourceQuality "1"]

1. e4 c5 2. Nc3 Nc6 3. f4 g6 4. Nf3 Bg7 5. Bc4 e6 6. d3 Nge7 7. 0-0 0-0 8. Qe1 d5 9. Bb3 a5 10. a3 Nd4 11. Nxd4 cxd4 12. Ne2 dxe4 13. dxe4 Nc6 14. Kh1 b6 15. Qg3 Ba6 16. Rf2 Qc7 17. Qh3 Rad8 18. Bd2 b5 19. c3 dxc3 20. bxc3 b4 21. Ng1 bxc3 22. Bxc3 Qb6 23. Rf3 Nd4 24. Bxd4 Qxd4 25. Rb1 Qxe4 0-1

[Event "Wch U12 Girls"]
[Site "Kemer"]
[Date "2009.11.16"]
[Round "5"]
[White "Fediuk, Iryna"]
[Black "Khomeriki, Nino"]
[Result "1-0"]
[WhiteElo "1807"]
[BlackElo "1700"]
[PlyCount "37"]
[EventDate "2009.11.12"]
[EventType "swiss"]
[EventRounds "11"]
[EventCountry "TUR"]
[SourceTitle "EXT 2010"]
[Source "ChessBase"]
[SourceDate "2010.11.25"]
[SourceVersion "1"]
[SourceVersionDate "2010.11.25"]
[SourceQuality "1"]

1. e4 c5 2. Nc3 Nc6 3. f4 g6 4. Nf3 Bg7 5. Bc4 e6 6. d3 Nge7 7. 0-0 0-0 8. Qe1 Rb8 9. f5 d5 10. Bb3 dxe4 11. dxe4 exf5 12. Qh4 Ne5 13. Nxe5 Bxe5 14. Bg5 Qd4+ 15. Kh1 Nc6 16. Rad1 Qb4 17. Nd5 Qxe4 18. Qh6 Nd8 19. Ne7+ 1-0

[Event "UKR-ch (Women)"]
[Site "Evpatoria"]
[Date "2009.05.29"]
[Round "7"]
[White "Petrova, Irina"]
[Black "Fediuk, Iryna"]
[Result "1-0"]
[WhiteElo "1986"]
[BlackElo "1847"]
[PlyCount "71"]
[EventDate "2009.05.23"]
[EventType "swiss"]
[EventRounds "9"]
[EventCountry "UKR"]
[SourceTitle "CBM 130 Extra"]
[Source "ChessBase"]
[SourceDate "2009.07.02"]
[SourceVersion "2"]
[SourceVersionDate "2009.07.15"]
[SourceQuality "1"]

1. d4 d5 2. c4 dxc4 3. Nf3 Nf6 4. Qa4+ c6 5. Qxc4 Nbd7 6. g3 Nb6 7. Qd3 g6 8. Bg2 Bf5 9. Qd1 Bg7 10. 0-0 0-0 11. Nc3 Qc8 12. b3 Rd8 13. Ba3 Nbd5 14. Na4 Ne4 15. Qc1 b5 16. Nc5 Ndc3 17. Re1 Qc7 18. e3 Nd5 19. Nh4 Nxc5 20. Qxc5 Be6 21. Rac1 Qa5 22. Nf3 Re8 23. Ng5 Rac8 24. Nxe6 fxe6 25. Bh3 Kf7 26. e4 Nc7 27. d5 Na6 28. Bxe6+ Kf8 29. Qe3 Qxa3 30. Qf3+ Bf6 31. Bxc8 Rxc8 32. e5 Qb2 33. exf6 exf6 34. Rxc6 Rxc6 35. dxc6 Nc7 36. Qd3 1-0

[Event "UKR-ch (Women)"]
[Site "Evpatoria"]
[Date "2009.05.24"]
[Round "2"]
[White "Korniyuk, Mariya"]
[Black "Fediuk, Iryna"]
[Result "1-0"]
[WhiteElo "2043"]
[BlackElo "1847"]
[PlyCount "59"]
[EventDate "2009.05.23"]
[EventType "swiss"]
[EventRounds "9"]
[EventCountry "UKR"]
[SourceTitle "CBM 130 Extra"]
[Source "ChessBase"]
[SourceDate "2009.07.02"]
[SourceVersion "2"]
[SourceVersionDate "2009.07.15"]
[SourceQuality "1"]

1. e4 e5 2. Nf3 Nc6 3. Bb5 g6 4. c3 a6 5. Bc4 Bg7 6. d4 d6 7. 0-0 Bg4 8. h3 Bd7 9. Na3 Nge7 10. dxe5 dxe5 11. Qe2 0-0 12. Rd1 Qc8 13. Nc2 h6 14. Ne3 Kh7 15. Nd5 Ng8 16. Be3 f5 17. Bb6 fxe4 18. Nh2 Nf6 19. Nxc7 Rb8 20. Nd5 Bf5 21. Bc5 Rd8 22. Nxf6+ Bxf6 23. g4 Be6 24. Qxe4 Bxc4 25. Qxc4 Qc7 26. Qe6 Be7 27. Qf7+ Kh8 28. Be3 Bd6 29. Qxg6 Qg7 30. Rxd6 1-0

[Event "UKR-ch (Women)"]
[Site "Evpatoria"]
[Date "2009.05.23"]
[Round "1"]
[White "Fediuk, Iryna"]
[Black "Yushko, Olga"]
[Result "0-1"]
[WhiteElo "1847"]
[BlackElo "2113"]
[PlyCount "64"]
[EventDate "2009.05.23"]
[EventType "swiss"]
[EventRounds "9"]
[EventCountry "UKR"]
[SourceTitle "CBM 130 Extra"]
[Source "ChessBase"]
[SourceDate "2009.07.02"]
[SourceVersion "2"]
[SourceVersionDate "2009.07.15"]
[SourceQuality "1"]

1. e4 e6 2. Nf3 d5 3. e5 c5 4. b4 cxb4 5. a3 b3 6. c3 Qb6 7. Bb2 Nc6 8. d4 f6 9. Bd3 fxe5 10. dxe5 Nh6 11. 0-0 Nf7 12. Qe2 Bd7 13. Nbd2 Bc5 14. h3 0-0 15. c4 Nd4 16. Nxd4 Bxd4 17. Bxh7+ Kh8 18. c5 Bxc5 19. Bd3 Nh6 20. Nf3 Rac8 21. Bc1 Nf5 22. Ng5 g6 23. Rb1 Ng3 24. Qd2 Nxf1 25. Nf7+ Kg8 26. Nh6+ Kh8 27. Nf7+ Rxf7 28. Qh6+ Kg8 29. Kxf1 Rxf2+ 30. Ke1 Rxg2 31. Bxg6 Bb4+ 32. axb4 Qg1# 0-1

[Event "UKR-ch U12 Girls"]
[Site "Nikolaev"]
[Date "2009.04.09"]
[Round "8"]
[White "Bortnyk, Mariia"]
[Black "Fediuk, Iryna"]
[Result "1-0"]
[WhiteElo "1875"]
[BlackElo "1847"]
[PlyCount "83"]
[EventDate "2009.04.02"]
[EventType "tourn"]
[EventRounds "11"]
[EventCountry "UKR"]
[SourceTitle "EXT 2010"]
[Source "ChessBase"]
[SourceDate "2010.11.25"]
[SourceVersion "1"]
[SourceVersionDate "2010.11.25"]
[SourceQuality "1"]

1. e4 e5 2. Nf3 Nc6 3. Bb5 g6 4. c3 a6 5. Bc4 Bg7 6. d4 d6 7. Bg5 Qd7 8. dxe5 Nxe5 9. Nxe5 Bxe5 10. f4 Bg7 11. Qb3 b5 12. Be2 Bb7 13. Bf3 Ne7 14. 0-0 0-0 15. Nd2 d5 16. e5 Nf5 17. g4 Ne7 18. Rae1 Qe6 19. Kh1 Qd7 20. Bxe7 Qxe7 21. Bxd5 Rad8 22. Bxb7 Rxd2 23. Bf3 Qh4 24. Re2 Rfd8 25. Kg2 R8d3 26. Rff2 Rxe2 27. Rxe2 h5 28. h3 hxg4 29. hxg4 Bh6 30. Qc2 Rd8 31. Re4 Qe7 32. g5 Bg7 33. Rd4 Rb8 34. Qd2 c5 35. Rd6 a5 36. Bg4 b4 37. c4 Bf8 38. Rd7 Qe8 39. Qd5 Be7 40. e6 Rd8 41. exf7+ Qxf7 42. Be6 1-0

[Event "UKR-ch U14 Girls"]
[Site "Kramatorsk"]
[Date "2009.03.10"]
[Round "9"]
[White "Fediuk, Iryna"]
[Black "Usoltseva, Polina"]
[Result "1-0"]
[WhiteElo "1847"]
[BlackElo "1830"]
[PlyCount "61"]
[EventDate "2009.03.02"]
[EventType "tourn"]
[EventRounds "11"]
[EventCountry "UKR"]
[SourceTitle "CBM 129 Extra"]
[Source "ChessBase"]
[SourceDate "2009.05.05"]
[SourceVersion "2"]
[SourceVersionDate "2009.05.20"]
[SourceQuality "1"]

1. e4 d5 2. exd5 Nf6 3. Bb5+ Bd7 4. Bc4 c6 5. dxc6 Nxc6 6. Nc3 e5 7. d3 Bc5 8. h3 Qb6 9. Qd2 Nd4 10. Nd5 Qc6 11. Ne3 b5 12. Bb3 a5 13. c3 0-0 14. Bd1 Nd5 15. Nf3 Nf4 16. Kf1 Nf5 17. Nxe5 Bxe3 18. Nxc6 Bxd2 19. Bxd2 Nxd3 20. Bc2 Nxb2 21. Bxf5 Bxc6 22. Kg1 Rad8 23. Be3 Nc4 24. Bd4 Rfe8 25. Kh2 g6 26. Bd3 f5 27. Rab1 Rb8 28. Rhe1 Rxe1 29. Rxe1 Re8 30. Rb1 Rb8 31. Bxc4+ 1-0